|
|
|
|
| LEADER |
00000nam0a2200000 4500 |
| 001 |
247728 |
| 005 |
20231101232325.0 |
| 035 |
|
|
|a (RuTPU)RU\TPU\book\269314
|
| 035 |
|
|
|a RU\TPU\book\269036
|
| 090 |
|
|
|a 247728
|
| 100 |
|
|
|a 20140114d1987 k y0rusy50 ca
|
| 101 |
1 |
|
|a rus
|
| 102 |
|
|
|a RU
|
| 105 |
|
|
|a a j 001zy
|
| 200 |
1 |
|
|a Сборник задач по курсу "Организация и планирование производства"
|f С. Д. Байкова, Т. А. Корнилова, В. С. Яновский
|
| 210 |
|
|
|a Красноярск
|c Изд-во Красноярского политехнического ин-та
|d 1987
|
| 215 |
|
|
|a 108 с.
|c ил.
|
| 606 |
1 |
|
|a Промышленные предприятия
|x Организация производства
|2 stltpush
|3 (RuTPU)RU\TPU\subj\52620
|9 71027
|
| 610 |
1 |
|
|a производство
|
| 610 |
1 |
|
|a планирование
|
| 610 |
1 |
|
|a организации
|
| 610 |
1 |
|
|a задачи
|
| 610 |
1 |
|
|a учебные пособия
|
| 675 |
|
|
|a 658.5(076)
|v 3
|
| 700 |
|
1 |
|a Байкова
|b С. Д.
|
| 701 |
|
1 |
|a Корнилова
|b Т. А.
|
| 701 |
|
1 |
|a Яновский
|b В. С.
|
| 801 |
|
1 |
|a RU
|b 63413507
|c 20140109
|
| 801 |
|
2 |
|a RU
|b 63413507
|c 20140626
|g RCR
|
| 942 |
|
|
|c BK
|